000 00845nam a22002897a 4500
003 CHAP
005 20220329140400.0
008 971013s1913 r 00010 d
010 _a51194
011 _a52166
035 _a56316
040 _cCHAP
082 _a575.1
_bW35
100 0 0 _aWalter, Herbert Eugene.
_9120973
245 _aGenetics an introduction to the study of heredity
260 _aNew York :
_bMacMillan,
_c1913
300 _a272 p.
_b: ilus.
590 _aBATCH-UPD
_b10
_c20130110
_lUCH01
_h0456
590 _aBATCH-UPD
_b10
_c20130410
_lUCH01
_h0133
590 _aBATCH-UPD
_b10
_c20130914
_lUCH01
_h1535
590 _aCONVERSION
_b10
_c20130109
_lUCH01
_h1328
650 1 4 _aGenética.
_947469
650 1 4 _aHerencia.
_953725
901 _aBK
942 _cLIBRO
949 _a575.1 W35
_bBC
_cBPP
_d-123072
_eBPP
_h8551
_i56316
_si
999 _c51194
_d51194